| 000 | 00398nam a22001697a 4500 | ||
|---|---|---|---|
| 003 | OSt | ||
| 008 | 240423b |||||||| |||| 00| 0 eng d | ||
| 020 | _a9780143454212 | ||
| 082 | _a813.52 FIG | ||
| 100 | _aFITZGERALD, F. Scott | ||
| 245 | _aThe Great Gatsby | ||
| 250 | _aIst. ed., | ||
| 260 |
_aGurugram, _bPenguin Books, _c2021, |
||
| 300 | _a146 p. | ||
| 650 | _aEnglish | ||
| 942 |
_2ddc _cBK |
||
| 999 |
_c12546 _d12546 |
||